000 00652nam a2200241Ia 4500
003 OSt
005 20221006144752.0
006 a|||||r|||| 00| 0
007 ta
008 221006b |||||||| |||| 00| 0 eng d
020 _c
_16.00
024 _a12,653
037 _cTextual
040 _aEASL
_cEASL
_beng
041 _2eng
_aeng
082 _aV41:191.N7, L4
100 _aDAI Shen Yu
_9652800
245 0 _aChina the super powers and the third world
260 _aHong Kong
_bChinese University of Hong
_c1974
300 _a420p.
_ccm.
942 _hV41:191.N7, L4
_cTEXL
_2CC
999 _c1080739
_d1080739